Grandi della letteratura tedesca - Statistics

Statistiche generali
  • Questo quiz è stato fatto 156 volte
  • Il punteggio medio è 7 su 18
Statistiche sulle risposte
Opera Autore % Corretto
La Metamorfosi Franz Kafka
87%
Faust Johann Wolfgang von Goethe
87%
Siddhartha Hermann Hesse
71%
La Montagna incantata Thomas Mann
68%
Vita di Galileo Bertoldt Brecht
53%
L'Uomo senza Qualità Robert Musil
44%
Fiabe del Focolare Fratelli Grimm
40%
Inni alla Notte Novalis
39%
Niente di nuovo sul Fronte occidentale Erich Maria Remarque
37%
La Storia infinita Michael Ende
37%
I Masnadieri Johann Christoph von Schiller
33%
Iperione Johann Christian Friedrich Holderlin
23%
Schiaccianci e il Re dei topi Ernst Theodor Amadeus Hoffmann
21%
Sonetti a Orfeo Rainer Maria Rilke
17%
Sul Valore estetico della Commedia greca Friedrich Schlegel
10%
Sebastian in Sogno Georg Trakl
9%
Il Titano Jean Paul
6%
Giardino d'Inverno Carl Joachim von Arnim
2%
Nessun quiz corrispondente trovato
Distribuzione punteggi
Percentuale di utenti per punteggio
Percentile per numero di risposta
I tuoi punteggi nel tempo
Non hai fatto questo quiz